[Event "I LIGA CS 2016"]
[Site "Kragujevac"]
[Date "2016.09.18"]
[Round "11.1"]
[White "Ristic, Nenad"]
[Black "Enchev, Ivajlo"]
[Result "1/2-1/2"]
[WhiteElo "2416"]
[BlackElo "2451"]
[PlyCount "48"]
[EventDate "2016.??.??"]
[WhiteClock "1:00:45"]
[BlackClock "0:50:57"]

1. e4 e5 2. Nf3 Nc6 3. Bb5 a6 4. Ba4 Nf6 5. O-O Be7 6. Nc3 b5 7. Bb3 d6 8. Nd5
Na5 9. d4 Nxb3 10. axb3 c6 11. Nxe7 Qxe7 12. Re1 h6 13. Qd3 O-O 14. Qc3 Re8 15.
dxe5 dxe5 16. b4 Bb7 17. Nd2 Rac8 18. Qc5 Nd7 19. Qxe7 Rxe7 20. Nb3 c5 21. Nxc5
Nxc5 22. bxc5 Rxc5 23. c3 Rd7 24. Be3 Rc8 1/2-1/2

[Event "I LIGA CS 2016"]
[Site "Kragujevac"]
[Date "2016.09.18"]
[Round "11.2"]
[White "Radovanovic, Nikola"]
[Black "Ristic, Nebojsa M"]
[Result "1/2-1/2"]
[WhiteElo "2396"]
[BlackElo "2371"]
[PlyCount "33"]
[EventDate "2016.??.??"]
[WhiteClock "0:44:21"]
[BlackClock "0:59:07"]

1. d4 c5 2. d5 d6 3. e4 Nf6 4. Nc3 a6 5. a4 g6 6. Be2 Bg7 7. Nf3 Bg4 8. Nd2
Bxe2 9. Qxe2 Nbd7 10. O-O O-O 11. Nc4 Ne8 12. Bd2 Nb6 13. a5 Nxc4 14. Qxc4 b5
15. axb6 Qxb6 16. b3 Nc7 17. Ra4 1/2-1/2

[Event "I LIGA CS 2016"]
[Site "Kragujevac"]
[Date "2016.09.18"]
[Round "11.3"]
[White "Todorovic, Goran N"]
[Black "Zlatanovic, Boroljub"]
[Result "1/2-1/2"]
[WhiteElo "2350"]
[BlackElo "2392"]
[PlyCount "27"]
[EventDate "2016.??.??"]
[WhiteClock "1:04:20"]
[BlackClock "1:17:40"]

1. Nf3 g6 2. c4 Bg7 3. d4 d6 4. Nc3 e5 5. e4 Bg4 6. d5 Nd7 7. Be2 Qe7 8. Nd2
Bxe2 9. Qxe2 Bh6 10. Nb3 a6 11. O-O Bxc1 12. Nxc1 Ngf6 13. Nd3 O-O 14. g3
1/2-1/2

[Event "I LIGA CS 2016"]
[Site "Kragujevac"]
[Date "2016.09.18"]
[Round "11.4"]
[White "Novoselski, Zoran"]
[Black "Rajkovic, Dusan"]
[Result "1/2-1/2"]
[WhiteElo "2323"]
[BlackElo "2367"]
[PlyCount "27"]
[EventDate "2016.??.??"]
[WhiteClock "0:54:51"]
[BlackClock "0:50:26"]

1. e4 c5 2. Nf3 e6 3. g3 Nc6 4. Bg2 Nf6 5. Qe2 d5 6. exd5 Nxd5 7. Nc3 Be7 8.
O-O O-O 9. d3 b6 10. Ne4 h6 11. Ned2 Bb7 12. Nc4 Qc7 13. Nce5 Nxe5 14. Nxe5
1/2-1/2

[Event "I LIGA CS 2016"]
[Site "Kragujevac"]
[Date "2016.09.18"]
[Round "11.5"]
[White "Stankovic, Dragan P"]
[Black "Radovic, Janko"]
[Result "1/2-1/2"]
[WhiteElo "2208"]
[BlackElo "2258"]
[PlyCount "32"]
[EventDate "2016.??.??"]
[WhiteClock "1:02:10"]
[BlackClock "0:43:11"]

1. g3 Nf6 2. Bg2 e6 3. b3 Be7 4. Bb2 O-O 5. Nf3 c5 6. O-O Nc6 7. e3 d5 8. d4
cxd4 9. exd4 b6 10. Nbd2 Bb7 11. a3 Qc7 12. Re1 Rac8 13. c4 dxc4 14. bxc4 Rfd8
15. Rc1 Qb8 16. Qe2 Rc7 1/2-1/2

[Event "I LIGA CS 2016"]
[Site "Kragujevac"]
[Date "2016.09.18"]
[Round "11.6"]
[White "Radovic, Luka"]
[Black "Milosevic, Boban"]
[Result "1/2-1/2"]
[WhiteElo "2254"]
[BlackElo "2283"]
[PlyCount "34"]
[EventDate "2016.??.??"]
[WhiteClock "1:02:15"]
[BlackClock "1:12:51"]

1. Nf3 Nf6 2. g3 e6 3. Bg2 d5 4. O-O Be7 5. c4 O-O 6. d3 c6 7. Nbd2 Nbd7 8. b3
a5 9. a3 b5 10. Bb2 Bb7 11. Rc1 b4 12. a4 Nc5 13. Rc2 Rc8 14. Qa1 Re8 15. Rfc1
Bf8 16. cxd5 cxd5 17. Ne5 Nfd7 1/2-1/2

[Event "I LIGA CS 2016"]
[Site "Kragujevac"]
[Date "2016.09.18"]
[Round "11.13"]
[White "Zivkovic, Nemanja"]
[Black "Ratkovic, Miloje"]
[Result "0-1"]
[WhiteElo "2260"]
[BlackElo "2414"]
[PlyCount "98"]
[EventDate "2016.??.??"]
[WhiteClock "0:24:31"]
[BlackClock "0:35:44"]

1. e4 c6 2. d4 d5 3. e5 Bf5 4. Nf3 e6 5. Be2 Nd7 6. O-O Bg6 7. Nbd2 Nh6 8. Nb3
Nf5 9. a4 Be7 10. a5 O-O 11. g4 Nh6 12. h3 c5 13. c3 c4 14. Nbd2 f6 15. exf6
Bxf6 16. Nxc4 dxc4 17. g5 Be4 18. gxh6 Qc7 19. Nh2 Bh4 20. f4 gxh6 21. Bf3 Bd3
22. Be2 Bf5 23. Nf3 Bg3 24. Kg2 Bxf4 25. Bxf4 Qxf4 26. Qd2 Qc7 27. Qxh6 Rf6 28.
Qh4 Raf8 29. Nd2 Kh8 30. Kh1 b5 31. axb6 Nxb6 32. Rf2 Nd5 33. Raf1 Qb7 34. Nxc4
Bxh3 35. Nd6 Qc6 36. Bd3 Bf5 37. Ne4 Ne3 38. Rg1 e5 39. d5 Rh6 40. dxc6 Rxh4+
41. Rh2 Bxe4+ 42. Bxe4 Rxe4 43. Re1 Rg4 44. Rh5 Nf5 45. Kh2 Ne7 46. c7 Rc4 47.
Rhxe5 Ng6 48. Ra5 Rxc7 49. Rea1 Rf2+ 0-1

[Event "I LIGA CS 2016"]
[Site "Kragujevac"]
[Date "2016.09.18"]
[Round "11.14"]
[White "Milanovic, Slavisa"]
[Black "Stankovic, Ivan G"]
[Result "1/2-1/2"]
[WhiteElo "2395"]
[BlackElo "2293"]
[PlyCount "87"]
[EventDate "2016.??.??"]
[WhiteClock "0:23:54"]
[BlackClock "0:19:52"]

1. c4 e5 2. Nc3 c5 3. g3 Nc6 4. Bg2 g6 5. Nf3 Bg7 6. O-O d6 7. Ne1 Nge7 8. Nc2
Be6 9. Ne3 Rb8 10. Ned5 a6 11. d3 O-O 12. Qa4 Bd7 13. Bg5 f6 14. Bd2 Nxd5 15.
Nxd5 Nd4 16. Qd1 b5 17. b4 Bg4 18. f3 Be6 19. e3 Nc6 20. bxc5 dxc5 21. f4 f5
22. Rb1 Qd6 23. Bc3 Rfd8 24. Qc2 Bf7 25. a3 Ne7 26. fxe5 Bxe5 27. e4 bxc4 28.
dxc4 Rxb1 29. Rxb1 Nxd5 30. exd5 Re8 31. Bxe5 Qxe5 32. Qf2 Qd6 33. h4 Re7 34.
Qf4 Qf6 35. d6 Rd7 36. Rb8+ Kg7 37. Rb6 a5 38. Rc6 h6 39. Rc7 Qxd6 40. Qxd6
Rxd6 41. Bd5 Rf6 42. Kf2 g5 43. h5 f4 44. Bxf7 1/2-1/2

[Event "I LIGA CS 2016"]
[Site "Kragujevac"]
[Date "2016.09.18"]
[Round "11.15"]
[White "Milosevic, Aleksandar"]
[Black "Blesic, Vaso"]
[Result "1-0"]
[WhiteElo "2269"]
[BlackElo "2350"]
[PlyCount "91"]
[EventDate "2016.??.??"]
[WhiteClock "0:12:41"]
[BlackClock "0:14:20"]

1. Nf3 Nf6 2. c4 g6 3. Nc3 Bg7 4. e4 d6 5. d4 O-O 6. Be2 Na6 7. O-O e5 8. Be3
Ng4 9. Bg5 Qe8 10. Re1 exd4 11. Nd5 f6 12. Bf4 c6 13. Nxd4 Ne5 14. Nc3 Qf7 15.
b3 Nc5 16. Bg3 f5 17. exf5 gxf5 18. f4 Ng6 19. Bf3 Qf6 20. Nde2 Ne4 21. Rc1
Nxg3 22. hxg3 Rd8 23. Rc2 Be6 24. Rd2 Bf7 25. Qc2 Re8 26. Red1 Re3 27. Rd3 Rae8
28. Kf2 Rxd3 29. Rxd3 Ne7 30. Qd2 Nc8 31. Nd1 h5 32. Ne3 Bg6 33. b4 h4 34. b5
hxg3+ 35. Kxg3 Re4 36. bxc6 bxc6 37. Bxe4 fxe4 38. Ra3 Bh5 39. Ra5 d5 40. cxd5
Bxe2 41. Qxe2 Qc3 42. Ra6 cxd5 43. Kh2 Nb6 44. Rxa7 Qf6 45. Qg4 Qh6+ 46. Kg3
1-0

[Event "I LIGA CS 2016"]
[Site "Kragujevac"]
[Date "2016.09.18"]
[Round "11.17"]
[White "Krstic, Ranko"]
[Black "Vuckovic, Branko"]
[Result "1/2-1/2"]
[WhiteElo "2206"]
[BlackElo "2263"]
[PlyCount "25"]
[EventDate "2016.??.??"]
[WhiteClock "1:01:55"]
[BlackClock "1:14:17"]

1. d4 Nf6 2. c4 e5 3. dxe5 Ng4 4. Nf3 Bc5 5. e3 Nc6 6. Be2 O-O 7. O-O Re8 8.
Nc3 Ncxe5 9. Nxe5 Nxe5 10. b3 a5 11. Ne4 Bf8 12. Ng3 d6 13. Bb2 1/2-1/2

[Event "I liga CS 2016."]
[Site "Kragujevac,hotel Sumarice"]
[Date "2016.09.18"]
[Round "11.2"]
[White "Dragicevic, Dragan"]
[Black "Mitic, Jovan Dj"]
[Result "*"]
[WhiteElo "2221"]
[BlackElo "2095"]
[PlyCount "85"]
[EventDate "2016.09.10"]

1. d4 Nf6 2. c4 g6 3. Nc3 Bg7 4. e4 d6 5. Be2 O-O 6. Nf3 c5 7. d5 Re8 8. O-O
Na6 9. Bf4 Nc7 10. h3 a6 11. a4 Rb8 12. e5 Nh5 13. Bh2 Bh6 14. Re1 Nf4 15. Bf1
Bd7 16. g4 g5 17. Ne4 dxe5 18. Nxe5 f6 19. Nxd7 Qxd7 20. Nxc5 Qc8 21. Nd3 Ng6
22. Qf3 Qd8 23. b3 Nh4 24. Qg3 Rc8 25. Bg2 Bg7 26. Rac1 h6 27. Be4 Rf8 28. Bf5
Nxf5 29. gxf5 Ne8 30. Qf3 Qd7 31. Re6 Rf7 32. a5 Bf8 33. b4 Rg7 34. Nc5 Rxc5
35. bxc5 g4 36. hxg4 h5 37. Re4 Rg5 38. Kh1 Ng7 39. Rg1 Qa4 40. gxh5 Rxg1+ 41.
Kxg1 Qa1+ 42. Kg2 Qc1 43. c6 *

[Event "I liga CS 2016."]
[Site "Kragujevac,hotel Sumarice"]
[Date "2016.09.18"]
[Round "11.4"]
[White "Djordjevic, Vuk"]
[Black "Cvetkovic, Zoran"]
[Result "1-0"]
[WhiteElo "2416"]
[BlackElo "1728"]
[PlyCount "81"]
[EventDate "2016.09.10"]

1. e4 c5 2. Nc3 Nc6 3. g3 d6 4. Bg2 e5 5. Nge2 Nf6 6. O-O Be7 7. d3 h6 8. f4
Bg4 9. h3 Bxe2 10. Nxe2 Nd4 11. c3 Nxe2+ 12. Qxe2 O-O 13. Be3 Qc7 14. Rac1 Rae8
15. d4 b6 16. fxe5 dxe5 17. d5 Qd6 18. a3 a5 19. Rb1 Rb8 20. Qf2 Qc7 21. Rbd1
Qd6 22. Qd2 Nh7 23. h4 Qg6 24. d6 Bd8 25. Qe1 Nf6 26. Rf5 Ng4 27. Qe2 Nxe3 28.
Qxe3 Qe6 29. Rd5 f6 30. Kh2 Rb7 31. Bh3 Qf7 32. Rdxe5 Qb3 33. Qf2 Qc4 34. Rf3
Kh8 35. d7 Qf7 36. Qd2 Bc7 37. Rd5 Rd8 38. e5 Qg6 39. e6 Qe4 40. Re3 Qxh4 41.
e7 1-0

[Event "I liga CS 2016."]
[Site "Kragujevac,hotel Sumarice"]
[Date "2016.09.18"]
[Round "11.4"]
[White "Ilic, Zoran S"]
[Black "Brankovic, Dejan"]
[Result "1/2-1/2"]
[WhiteElo "2279"]
[BlackElo "2352"]
[PlyCount "20"]
[EventDate "2016.09.10"]

1. d4 Nf6 2. c4 g6 3. Nf3 Bg7 4. g3 d6 5. Bg2 O-O 6. O-O Nbd7 7. Nc3 e5 8. e4
c6 9. h3 Qb6 10. Re1 exd4 1/2-1/2

[Event "I liga CS 2016."]
[Site "Kragujevac,hotel Sumarice"]
[Date "2016.09.18"]
[Round "11.4"]
[White "Gajic, Mladen"]
[Black "Milosavljevic, Ivan"]
[Result "1-0"]
[WhiteElo "2346"]
[BlackElo "2113"]
[PlyCount "41"]
[EventDate "2016.09.10"]

1. d4 d5 2. c4 e6 3. Nc3 Nf6 4. Nf3 c6 5. Bg5 Be7 6. e3 Nbd7 7. Bd3 h6 8. Bh4
O-O 9. O-O Nh7 10. Bg3 f5 11. cxd5 cxd5 12. Nb5 a6 13. Nc7 Ndf6 14. Nxa8 Nh5
15. Ne5 Nxg3 16. hxg3 Bd6 17. Rc1 Qa5 18. Qb3 Bxe5 19. dxe5 b5 20. Qc3 Qd8 21.
Qc7 1-0

[Event "I LIGA CS 2016"]
[Site "Kragujevac"]
[Date "2016.09.18"]
[Round "11.7"]
[White "Petkov, Vladimir"]
[Black "Chatalbashev, Boris"]
[Result "1/2-1/2"]
[WhiteElo "2514"]
[BlackElo "2542"]
[PlyCount "21"]
[EventDate "2016.??.??"]
[WhiteClock "1:31:21"]
[BlackClock "1:33:16"]

1. Nf3 Nc6 2. e4 e5 3. Bb5 Nf6 4. O-O Nxe4 5. d4 Nd6 6. dxe5 Nxb5 7. a4 Nbd4 8.
Nxd4 Nxd4 9. Qxd4 d6 10. exd6 Qxd6 11. Qe4+ 1/2-1/2

[Event "I LIGA CS 2016"]
[Site "Kragujevac"]
[Date "2016.09.18"]
[Round "11.9"]
[White "Manic, Jovica"]
[Black "Radusinovic, Lazar"]
[Result "1/2-1/2"]
[WhiteElo "2264"]
[BlackElo "2349"]
[PlyCount "82"]
[EventDate "2016.??.??"]
[WhiteClock "0:55:41"]
[BlackClock "0:37:15"]

1. Nf3 c5 2. c4 Nc6 3. d4 cxd4 4. Nxd4 g6 5. Nc3 Bg7 6. Nc2 Nf6 7. e4 O-O 8.
Be2 a5 9. Be3 d6 10. f3 a4 11. O-O Be6 12. Qd2 Qa5 13. Rac1 Nd7 14. Nd4 Nxd4
15. Bxd4 Rfc8 16. Bxg7 Kxg7 17. Qd4+ f6 18. Nd5 Bxd5 19. cxd5 Qb6 20. Qxb6 Nxb6
21. Kf2 Ra5 22. Rxc8 Nxc8 23. Rc1 Rc5 24. Rxc5 dxc5 25. Ke3 Kf7 26. f4 Nb6 27.
b3 axb3 28. axb3 f5 29. Bc4 fxe4 30. Kxe4 h5 31. f5 gxf5+ 32. Kxf5 h4 33. g4
hxg3 34. hxg3 Nc8 35. Ke5 Nd6 36. Bd3 b5 37. g4 c4 38. bxc4 bxc4 39. Bc2 Nb5
40. Ba4 c3 41. Ke4 e6 1/2-1/2

[Event "I LIGA CS 2016"]
[Site "Kragujevac"]
[Date "2016.09.18"]
[Round "11.10"]
[White "Nadj Hedjesi, Balind"]
[Black "Jovanovic, Bojan P"]
[Result "1-0"]
[WhiteElo "2311"]
[BlackElo "2236"]
[PlyCount "87"]
[EventDate "2016.??.??"]
[WhiteClock "0:31:21"]
[BlackClock "1:06:32"]

1. d4 e6 2. Nf3 Nf6 3. Bf4 c5 4. c3 Nc6 5. e3 d5 6. Nbd2 Be7 7. Bd3 Nh5 8. Bg3
Bd7 9. O-O Nxg3 10. hxg3 O-O 11. dxc5 Bxc5 12. e4 dxe4 13. Nxe4 Be7 14. Qe2 Qa5
15. g4 Ne5 16. b4 Nxf3+ 17. Qxf3 Qc7 18. Rad1 Bc6 19. Qh3 Rfd8 20. g5 Qf4 21.
Nf6+ Bxf6 22. Qxh7+ Kf8 23. gxf6 gxf6 24. b5 Bxg2 25. Bg6 Qc7 26. Kxg2 a6 27.
a4 Rac8 28. Bh5 e5 29. Rh1 Qc4 30. Qf5 Ke7 31. Rxd8 Rxd8 32. Bxf7 Qxf7 33. Rh7
Rg8+ 34. Kf1 Rg7 35. Rxg7 Qxg7 36. Qc8 Kd6 37. bxa6 Qg6 38. Qb8+ Ke6 39. Qc8+
Kd6 40. Qd8+ Ke6 41. Qb6+ Kf5 42. Qb1+ e4 43. Qb5+ Kf4 44. axb7 1-0

[Event "I LIGA CS 2016"]
[Site "Kragujevac"]
[Date "2016.09.18"]
[Round "11.12"]
[White "Elez, Nikola"]
[Black "Arandjelovic, Aleksandar Z"]
[Result "1-0"]
[WhiteElo "2211"]
[BlackElo "2049"]
[PlyCount "101"]
[EventDate "2016.??.??"]

1. e4 c5 2. b3 d6 3. Bb2 Nf6 4. Nc3 a6 5. f4 Nbd7 6. Nf3 e6 7. Bd3 Be7 8. O-O
b5 9. e5 Nh5 10. Ng5 Bxg5 11. fxg5 g6 12. Qf3 O-O 13. Qxa8 d5 14. Nxd5 exd5 15.
Qxd5 Qxg5 16. g3 Nb6 17. Qf3 Be6 18. Qe3 Qe7 19. Rae1 Nd5 20. Qh6 c4 21. Be4
Qc5+ 22. Kh1 Ng7 23. Qg5 c3 24. dxc3 Nxc3 25. Bxc3 Qxc3 26. Rd1 Qb4 27. Qe3 Qe7
28. Qd4 Bh3 29. Rf2 Ne6 30. Qe3 Ng5 31. Bd5 Kg7 32. c4 Rd8 33. Qf4 Bf5 34. Rfd2
Rxd5 35. cxd5 Nh3 36. Qd4 Qg5 37. Kg2 Qh6 38. e6+ f6 39. Qa7+ Kh8 40. Qb8+ Kg7
41. Qc7+ Kh8 42. Qd8+ Kg7 43. Qe7+ Kg8 44. Qf7+ Kh8 45. Qxf6+ Kg8 46. Qd8+ Kg7
47. Qc7+ Kg8 48. e7 Be4+ 49. Kf1 Kf7 50. Qe5 Qh5 51. Qd4 1-0